| 000 | 01733cam a2200337 a 4500 | ||
|---|---|---|---|
| 001 | 4377496 | ||
| 003 | OSt | ||
| 005 | 20240614104508.0 | ||
| 008 | 910131m19911992enka b 100 0 eng | ||
| 010 | _a 91008613 | ||
| 020 |
_a0198534388 (v. 1) : _c$45.00 |
||
| 020 | _a0198534396 (v. 2) | ||
| 040 |
_aDLC _cDLC _dDLC _bMUST |
||
| 082 | 0 | 0 |
_a515 _bLIG 1992 |
| 245 | 0 | 0 |
_aAdvances in numerical analysis / _cedited by Will Light. |
| 260 |
_aOxford : _bClarendon Press ; _aNew York : _bOxford University Press, _c1992. |
||
| 300 |
_a2 v. : _bill. ; _c24 cm. |
||
| 440 | 0 | _aOxford science publications | |
| 500 | _a"Proceedings of the fourth Summer School in Numerical Analysis, which was held at Lancaster University from 15th July to 3rd August 1990 ... sponsored by the Science and Engineering Research Council of Great Britain"--Pref. | ||
| 504 | _aIncludes bibliographical references. | ||
| 505 | 0 | _av. 1. Nonlinear partial differential equations and dynamical systems -- v. 2. Wavelets, subdivision algorithms, and radial basis functions. | |
| 650 | 0 |
_aNumerical analysis _xCongresses. _917032 |
|
| 700 | 1 |
_aLight, W. A. _q(William Allan), _d1950- _917033 |
|
| 710 | 2 |
_aScience and Engineering Research Council (Great Britain) _917034 |
|
| 711 | 2 |
_aSummer School in Numerical Analysis _d(1990 : _cLancaster University) _917035 |
|
| 856 | 4 | 2 |
_3Publisher description _uhttp://www.loc.gov/catdir/enhancements/fy0636/91008613-d.html |
| 856 | 4 | 1 |
_3Table of contents only _uhttp://www.loc.gov/catdir/enhancements/fy0636/91008613-t.html |
| 906 |
_a7 _bcbc _corignew _d1 _eocip _f19 _gy-gencatlg |
||
| 942 |
_2ddc _cO_SHELF |
||
| 999 |
_c8374 _d8374 |
||